| 000 | 02252nam a2200385 i 4500 | ||
|---|---|---|---|
| 001 | in903030636 | ||
| 005 | 20250721114501.0 | ||
| 008 | 250709r20252025nyua c 000 0 eng | ||
| 020 |
_a9780593984161 _q(hardcover ; _qacid-free paper) |
||
| 035 | _a(OCoLC)1527537064 | ||
| 040 |
_aTnLvILS _beng _cTnLvILS _erda |
||
| 050 | 4 |
_aGV1469.35.M535 _bS758 2025 |
|
| 082 | 0 | 4 |
_a794.8/5 _223/eng/20250709 |
| 100 | 1 |
_aStone, Tom _c(Writer on Minecraft), _eauthor. _96476885 |
|
| 245 | 1 | 0 |
_aMinecraft. _pMagical bite-size builds : _bwith over 20 marvelous mini projects / _cwritten by Tom Stone ; additional illustrations by George Lee. |
| 246 | 3 | 0 |
_aMagical bite-size builds : _bwith over 20 marvelous mini projects |
| 250 | _aFirst US edition. | ||
| 264 | 1 |
_aNew York : _bRandom House Worlds, _c[2025] |
|
| 264 | 4 | _c�2025 | |
| 300 |
_a93 pages : _bcolor illustrations ; _c22 cm. |
||
| 336 | _atext | ||
| 336 | _astill image | ||
| 337 | _aunmediated | ||
| 338 | _avolume | ||
| 490 | 0 | _aBite-size builds | |
| 500 | _a"Mojang Studios." | ||
| 500 | _a"Published in hardcover in the United Kingdom by Farshore, an imprint of HarperCollins Publishers Limited"--Copyright page. | ||
| 505 | 0 | _aGeneral build tips -- Magic mirror -- Mermaid lagoon -- Giant beanstalk -- Magician's hat -- Ferocious dragon -- Bubblegum cottage -- Enchanting tower -- Pumpkin carriage -- Royal frog -- Glowing mushroom -- House in a shoe -- Alebrije statues -- Banana-split base -- Floating tea party -- Dragon roller coaster -- Spellbook shop -- Genie-lamp boat -- Emerald apartments -- Fairy-tale palace -- Atlantis abode -- Combination challenges. | |
| 520 |
_a"The next book in the ... Bite-Size Builds series, following Mega Bite-Size Builds and Amazing Bite-Size Builds. Dscover new and exciting Minecraft builds made easy, broken down into manageable pieces--written in official partnership with the experts at game-creator Mojang"-- _cProvided by publisher. |
||
| 650 | 0 |
_aMinecraft (Game) _vJuvenile literature. _95711971 |
|
| 650 | 0 |
_aVideo games _vJuvenile literature. _95697478 |
|
| 650 | 1 | _aMinecraft (Game) | |
| 650 | 1 | _aVideo games. | |
| 710 | 2 |
_aMojang AB (Firm), _esponsoring body. _95712867 |
|
| 999 |
_c410023 _d410023 |
||